[Event "Khanty-Mansiysk Governor Cup 16th"]
[Site "Khanty-Mansiysk"]
[Date "2020.12.06"]
[Round "7"]
[White "Skvortsov, Andrei"]
[Black "Perchinsky, Bogdan K"]
[Result "1/2-1/2"]
[WhiteElo "2126"]
[BlackElo "1387"]
[PlyCount "71"]
[EventDate "2020.11.30"]
[EventType "swiss"]
[EventRounds "9"]
[EventCountry "RUS"]
[SourceTitle "CBM 199 Extra"]
[Source "ChessBase"]
[SourceDate "2021.01.31"]
[SourceVersion "1"]
[SourceVersionDate "2021.01.31"]
[SourceQuality "1"]

1. Nf3 Nf6 2. c4 c5 3. Nc3 d5 4. cxd5 Nxd5 5. d4 Nxc3 6. bxc3 g6 7. e4 Bg7 8. Bc4 Nc6 9. Be3 0-0 10. h3 Qa5 11. 0-0 Qxc3 12. Rc1 Qa5 13. dxc5 Ne5 14. Nxe5 Bxe5 15. Qb3 Qc7 16. Rfd1 Bd7 17. Bh6 Bg7 18. Bxg7 Kxg7 19. Qc3+ Kg8 20. Qe3 Bc6 21. e5 Rfd8 22. e6 f6 23. Bb3 Rxd1+ 24. Rxd1 Rd8 25. Rd4 Rxd4 26. Qxd4 Qa5 27. Kh2 Kg7 28. Qe3 Qb4 29. f3 Ba4 30. Kg1 Bxb3 31. axb3 Qa3 32. Kf2 Qb2+ 33. Kg3 Qe5+ 34. Kf2 Qb2+ 35. Kg1 Qa1+ 36. Kf2 1/2-1/2